000 00435nam a2200181Ia 4500
001 21190
005 20260306172901.0
008 260306t2005||||xx |||||||||||||| ||spa||
041 _aESP
082 _a344.0946
_bS54
100 _aSilva Sánchez, Jesús-María
_eAUT
245 0 _aEstudios de derecho penal
260 _c2005
300 _a213 páginas :
_c23 cm.
650 _aGEN
654 _aCDE
942 _cLIB
_dJUS
_fJUS
_2ddc
_n
999 _c21190
_d21190